| 000 | nam a22 a 4500 | ||
|---|---|---|---|
| 999 |
_c2952 _d2952 |
||
| 003 | AKMAL | ||
| 005 | 20170519081353.0 | ||
| 008 | 170519t1985 -usa 00 | eng d | ||
| 020 |
_a053404185X: _cfree |
||
| 040 |
_aAKMAL _cAKMAL |
||
| 082 | 0 | 4 | _a658.15 DOM |
| 090 |
_a658.15 _bDOM |
||
| 100 | 1 | 0 |
_aDominiak, Geraldine F. _96171 |
| 245 | 1 | 0 |
_aManagerial acoounting / _cGeraldine Dominiak F. and Joseph G. Louderback |
| 250 | _a4th ed. | ||
| 260 |
_aBoston, Mass. : _bKent Pub., _c1985 |
||
| 300 |
_axxiv, 794p. : _bcol. ill. ; _c25cm. |
||
| 500 | _aIncludes index | ||
| 650 | 0 |
_aManagerial accounting _96172 |
|
| 700 | 1 |
_aLouderback, Joseph G. _96173 |
|
| 942 |
_2ddc _cBOOK |
||